<?xml version="1.0" encoding="UTF-8"?>
<record
    xmlns:xsi="http://www.w3.org/2001/XMLSchema-instance"
    xsi:schemaLocation="http://www.loc.gov/MARC21/slim http://www.loc.gov/standards/marcxml/schema/MARC21slim.xsd"
    xmlns="http://www.loc.gov/MARC21/slim">

  <leader>01025nam a2200241 a 4500</leader>
  <controlfield tag="001">BRCA_872</controlfield>
  <controlfield tag="005">20190320203203.0</controlfield>
  <controlfield tag="008">990715s1995    sp-a---##b---#000-0#spa-d</controlfield>
  <datafield tag="020" ind1=" " ind2=" ">
    <subfield code="a">8460626016</subfield>
  </datafield>
  <datafield tag="040" ind1=" " ind2=" ">
    <subfield code="a">DLC</subfield>
    <subfield code="c">DLC</subfield>
  </datafield>
  <datafield tag="050" ind1=" " ind2="4">
    <subfield code="a">NK7162</subfield>
    <subfield code="b">.S24 1995</subfield>
  </datafield>
  <datafield tag="100" ind1="1" ind2=" ">
    <subfield code="a">S&#xE1;ez Gonz&#xE1;lez, Manuela</subfield>
    <subfield code="9">2905</subfield>
  </datafield>
  <datafield tag="245" ind1="1" ind2="0">
    <subfield code="a">La colecci&#xF3;n de plater&#xED;a Fern&#xE1;ndez de la Mora y Mon en el Museo de Pontevedra</subfield>
    <subfield code="c">Manuela S&#xE1;ez Gonz&#xE1;lez.</subfield>
  </datafield>
  <datafield tag="260" ind1=" " ind2=" ">
    <subfield code="a">Espa&#xF1;a</subfield>
    <subfield code="b">Pontevedra</subfield>
    <subfield code="c">1995</subfield>
  </datafield>
  <datafield tag="300" ind1=" " ind2=" ">
    <subfield code="a">646 p.</subfield>
    <subfield code="b">il.</subfield>
    <subfield code="c">24 cm.</subfield>
  </datafield>
  <datafield tag="500" ind1=" " ind2=" ">
    <subfield code="a">Incluye &#xED;ndice de piezas : piezas de uso domestico, objetos de escritorio, objetos de fumador, armas blancas, objetos de adorno personal, objetos de montar, cajas y otros objetos</subfield>
  </datafield>
  <datafield tag="504" ind1=" " ind2=" ">
    <subfield code="a">Bibliograf&#xED;a: p. 621-626</subfield>
  </datafield>
  <datafield tag="600" ind1="1" ind2="4">
    <subfield code="a">Fern&#xE1;ndez de la Mora, Gonzalo</subfield>
    <subfield code="v">Cat&#xE1;logos</subfield>
    <subfield code="x">Colecciones de arte</subfield>
    <subfield code="9">2906</subfield>
  </datafield>
  <datafield tag="610" ind1="2" ind2="4">
    <subfield code="a">Museo de Pontevedra</subfield>
    <subfield code="v">Cat&#xE1;logos</subfield>
    <subfield code="9">2907</subfield>
  </datafield>
  <datafield tag="650" ind1="1" ind2="4">
    <subfield code="a">Trabajos en plata</subfield>
    <subfield code="v">Cat&#xE1;logos</subfield>
    <subfield code="x">Colecciones privadas</subfield>
    <subfield code="z">Espa&#xF1;a</subfield>
    <subfield code="9">2908</subfield>
  </datafield>
  <datafield tag="700" ind1="1" ind2=" ">
    <subfield code="a">Fern&#xE1;ndez de la Mora, Gonzalo</subfield>
    <subfield code="9">2909</subfield>
  </datafield>
  <datafield tag="942" ind1=" " ind2=" ">
    <subfield code="2">lcc</subfield>
    <subfield code="c">B</subfield>
  </datafield>
  <datafield tag="999" ind1=" " ind2=" ">
    <subfield code="c">767</subfield>
    <subfield code="d">767</subfield>
  </datafield>
  <datafield tag="952" ind1=" " ind2=" ">
    <subfield code="0">0</subfield>
    <subfield code="1">0</subfield>
    <subfield code="4">0</subfield>
    <subfield code="7">0</subfield>
    <subfield code="a">BRCA</subfield>
    <subfield code="b">BRCA</subfield>
    <subfield code="d">2008-06-26</subfield>
    <subfield code="l">0</subfield>
    <subfield code="o">NK7162 .S24 1995</subfield>
    <subfield code="p">01346</subfield>
    <subfield code="r">2019-03-22 00:00:00</subfield>
    <subfield code="w">2019-03-22</subfield>
    <subfield code="y">B</subfield>
  </datafield>
</record>
